Famous non-country flags - Statistics

General Stats
  • This quiz has been taken 64 times
  • The average score is 9 of 16
Answer Stats
Picture Answer % Correct
Olympic games
93%
Antarctica
88%
Jolly Roger flag
88%
Pride flag
86%
European Union
84%
Mcdonalds flag
78%
Greenland
69%
African Union
62%
Republican flag
55%
Surrender flag
53%
Finish flag
36%
Presidential flag
26%
Laser kiwi flag
17%
r/vexillology
17%
Buddhism
12%
Galactic Empire
12%
No matching quizzes found
Score Distribution
Percent of People with Each Score
Percentile by Number Answered
Your Score History
You have not taken this quiz